00546nam a22001577a 450000500170000002000190001703500130003603700130004910000320006224500570009426000450015130000230019694200300021999900170024995201220026620120524130735.0 a8170244684c00 aA-541151 aDPLbENG aLawania, Vinod Kumar947844 aRural development in India /cby Vinod Kumar Lawania aNew DelhibAshish Publishing Housec1992 aix, 148p.c18 cms. 2ddccENh338.9541734mLAW c67121d67121 001040708NFICaZLSbZLSd2012-05-24g0.00l0o338.9541734 LAWpA-541151r2012-05-24 00:00:00v0.00w2012-05-24yEN